| 000 | 00718nam a2200217Ia 4500 | ||
|---|---|---|---|
| 008 | 140429s9999 xx 000 0 und d | ||
| 020 | _a9789712353550 | ||
| 050 |
_aLB 1060 _b.Aq657 2009 |
||
| 100 | _aAquino, Avelina M. | ||
| 245 |
_aFacilitating human learning / _cAvelina M. Aquino. |
||
| 260 |
_aManila : _bRex Book Store, _cc2009. |
||
| 300 |
_a392 p. : _c26 cm. |
||
| 440 | _a(Teacher Education Academic Resources for College and Higher Education Students Series). | ||
| 500 | _aIncludes bibliographical references and index. | ||
| 521 | _aGE | ||
| 650 |
_aLearning _xPhysiological aspects. |
||
| 650 | _aLearning, Psychology of. | ||
| 650 | _aSocial learning. | ||
| 942 |
_kLOC _cBK |
||
| 999 |
_c115695 _d115695 |
||